A K&H Bank vagyoni-, pénzügyi és jövedelmezőségi helyzetének értékelése több év beszámolói alapján

Bibliográfiai részletek
Szerző: Arató Balázs
További közreműködők: Török László
Dokumentumtípus: Diplomadolgozat
Kulcsszavak:bankműveletek
bankszektor
jegybanki döntés(ek)
jövedelmezőség elemzése
tőkemegfelelés
Online Access:http://dolgozattar.uni-bge.hu/60368

MARC

LEADER 00000nta a2200000 i 4500
001 dolg60368
005 20260409150508.0
008 260409suuuu hu om 000 hun d
040 |a BGE Dolgozattár Repozitórium  |b hun 
041 |a hu 
100 1 |a Arató Balázs 
245 1 2 |a A K&H Bank vagyoni-, pénzügyi és jövedelmezőségi helyzetének értékelése több év beszámolói alapján  |c Arató Balázs  |h [elektronikus dokumentum] 
520 3 |a Szakdolgozatomban a K&H Bank vagyoni-, pénzügyi és jövedelmezőségi helyzetét vizsgálom, az elmúlt 5 év beszámolói alapján. Dolgozatomban vizsgálom a témám feldolgozásához releváns szakirodalmat, megvizsgálom a bankok elemzéséhez szükséges mutatókat, elemzési módszereket, dolgozatom elemzési részében pedig a K&H Bankot elemzem és értékelem ki a szakirodalmi feldolgozásomban említett és feldolgozott mutatószámok, elemzési módszerek alapján. Szakdolgozatom végén összehasonlítom a K&H Bankot Magyarország 3 másik piacvezető kereskedelmi bankjával. Összességében a K&H Bank teljesítményét jónak értékeltem, a vizsgált időszakban mutató fejlődtek, illetve versenytársaival összehasonlítva is jól tudott teljesíteni. 
695 |a bankműveletek 
695 |a bankszektor 
695 |a jegybanki döntés(ek) 
695 |a jövedelmezőség elemzése 
695 |a tőkemegfelelés 
700 1 |a Török László  |e ths 
856 4 0 |u http://dolgozattar.uni-bge.hu/60368/1/A%20KH%20Bank%20vagyoni-%20p%C3%A9nz%C3%BCgyi%20%C3%A9s%20j%C3%B6vedelmez%C5%91s%C3%A9gi%20helyzet%C3%A9nek%20%C3%A9rt%C3%A9kel%C3%A9se%20t%C3%B6bb%20%C3%A9v%20besz%C3%A1mol%C3%B3i%20alapj%C3%A1n%20%28v%C3%A9gleges%29%20%281%29.pdf  |z Dokumentum-elérés 
856 4 0 |u http://dolgozattar.uni-bge.hu/60368/2/Arat%C3%B3%20Bal%C3%A1zs_biralatilap_alap_mester.pdf  |z Dokumentum-elérés